000 00450nam a2200181Ia 4500
001 15324
005 20260306170147.0
008 260306t2016||||xx |||||||||||||| ||und||
041 _aESP
082 _a531.12
_bV66P
100 _aVillarreal Castro, Genner
_eAUT
245 0 _aPrácticas y exámenes resueltos de estática
260 _c2016
300 _a118 páginas :
_c29 cm.
650 _aGEN
654 _aCCN
942 _cLIB
_dJUS
_fJUS
_2ddc
_n
999 _c15324
_d15324